000
00304nam a22001337a 4500
020
_a
81-7582-032-0
082
_a
030
_b
BLU/M
100
_a
BLUBIRD BOOKS
245
_a
MY OWN FIRST PICTURE DICTIONARY
260
_a
DELHI
_b
BLUEBIRD BOOKS
_c
2000
300
_a
80
650
_a
DICTIONARY
_z
INDIA
942
_c
BK
999
_c
2143
_d
2143